ARRUPE JESUIT UNIVERSITY

CORONAVIRUS -STOP THE SPREAD - CLEAN,DISINFECT,COVER
Normal view MARC view

Entry Topical Term

Number of records used in: 1

001 - CONTROL NUMBER

  • control field: 21776

003 - CONTROL NUMBER IDENTIFIER

  • control field: ARRUPE

005 - DATE AND TIME OF LATEST TRANSACTION

  • control field: 20160126110001.0

008 - FIXED-LENGTH DATA ELEMENTS

  • fixed length control field: 160126|| aca||aabn | a|a d

040 ## - CATALOGING SOURCE

  • Original cataloging agency: ARRUPE
  • Transcribing agency: ARRUPE

150 ## - HEADING--TOPICAL TERM

  • Topical term or geographic name as entry element: Wild animal collecting
  • Geographic subdivision: Africa, East
  • General subdivision: History

670 ## - SOURCE DATA FOUND

  • Source citation: Work cat.: (ARRUPE)0: Kittenberger, Kálmán. 21774, Big game hunting and collecting in East Africa, 1903-1926,, 1929.

 

Arrupe Library. PO Box MP320 Mt Pleasant, Harare, Zimbabwe
263 242 745411|librarian@aju.ac.zw